| 000 | 00532 a2200205 4500 | ||
|---|---|---|---|
| 001 | 63275 | ||
| 005 | 20260407155929.0 | ||
| 008 | 260407a1959 arg spa d | ||
| 003 | AR-UNSa-BCEJYS | ||
| 040 |
_aAR-UNSa-BCEJYS _bspa _cAR-UNSa-BCEJYS |
||
| 080 |
_a512 _xAlgebra |
||
| 245 | 1 | 0 | _aElementos de anĂ¡lisis algebraico |
| 250 | _a5a. ed. | ||
| 264 | 1 |
_aBuenos Aires : _b[s.n.] _c1959 |
|
| 300 |
_a514 p. _c27 cm. |
||
| 041 | _aspa | ||
| 942 | _cBK | ||
| 590 | _aniveau_biblio:m niveau_hierar:0 | ||
| 100 | 1 | _aRey Pastor, Julio | |
| 999 |
_c8086 _d8086 |
||